000 01259nam a22002297a 4500
005 20120614170415.0
008 081007t xxu||||| |||| 00| 0 mar
010 _aMAR-22205
020 _c240.00
035 _aMR-14863
037 _bD.B.Act /pub
082 _a891.4609
100 _aखंडेराव, हरीश
_949115
245 _aआंबेडकरी चळवळ आणि साहित्य :
_cहरीश खंडेराव
_bसांस्कृतिक इतिहास /
246 _aAmbedkari Chalval Aani Sahitya : Sanskrutik Itihas
_bby Harish Khaderao
260 _aउल्लासनगर
_bप्रज्ञा प्रकाशन
_c2012
270 _a208,बी विंग,'मधुबन' हाऊसिंग सोसायटी,सुभाष टेकडी,जि.ठाणे
_bउल्लासनगर
_e-4
300 _aभा.1(240 पृ)
_c22सेमी (अजिल्द)
500 _aभा.1
942 _2ddc
_cMR
_mखंडेरा
_h891.4609
999 _c67972
_d67972